[Event "Autumn Tournament 2016"]
[Site "SchemingMind.com"]
[Date "2016.09.07"]
[Round "-"]
[White "JAHI"]
[Black "Simon Green"]
[Result "1-0"]
[WhiteCountry "INT"]
[BlackCountry "ENG"]
[WhiteElo "2047"]
[WhiteRD "58"]
[BlackElo "1639"]
[BlackRD "63"]
[GameID "403280"]

1. g3 e6 2. Bg2 d5 3. c3 Nf6 4. a3 c5 5. a4 Nc6 6. b3 Be7 7. Na3 a6 8. Nc2 O-O 9. Ba3 b6 10. b4 c4
11. Nf3 h6 12. Bb2 Bb7 13. d3 b5 14. axb5 axb5 15. Rxa8 Qxa8 16. Ncd4 Nxd4 17. Nxd4 Bc6 18. Nxc6 Qxc6 19. Qd2 Ra8 20. Bf3 Ra2
21. d4 Qa6 22. e3 Qa4 23. Bd1 Qa7 24. Qc1 Ne4 25. Bc2 f5 26. Bb1 Ra6 27. f3 Ng5 28. Kf2 Qc7 29. Qd1 Bd6 30. Qe2 g6
31. Rf1 Kg7 32. Kg1 h5 33. Bc1 Kf6 34. e4 dxe4 35. fxe4 Nf7 36. d5 Be5 37. Be3 Ke7 38. dxe6 Kxe6 39. exf5+ gxf5 40. Bxf5+
1-0

[Event "Autumn Tournament 2016"]
[Site "SchemingMind.com"]
[Date "2016.09.03"]
[Round "-"]
[White "smothered mate"]
[Black "black cloud"]
[Result "1-0"]
[WhiteCountry "POL"]
[BlackCountry "ENG"]
[WhiteElo "1966"]
[WhiteRD "85"]
[BlackElo "1821"]
[BlackRD "106"]
[GameID "403289"]

1. e4 e5 2. Nf3 Nc6 3. Bc4 Nf6 4. Nc3 Nxe4 5. Nxe4 d5 6. Bd3 dxe4 7. Bxe4 Bd6 8. O-O O-O 9. Re1 Nb4 10. c3 f5
11. Bb1 e4 12. cxb4 exf3 13. Qxf3 Bxb4 14. Qb3+
1-0

[Event "Autumn Tournament 2016"]
[Site "SchemingMind.com"]
[Date "2016.09.04"]
[Round "-"]
[White "black cloud"]
[Black "smothered mate"]
[Result "1-0"]
[WhiteCountry "ENG"]
[BlackCountry "POL"]
[WhiteElo "1883"]
[WhiteRD "88"]
[BlackElo "2008"]
[BlackRD "74"]
[GameID "403290"]

1. Nf3 d5 2. g3 c5 3. Bg2 Nc6 4. O-O e6 5. d3 Be7 6. Nbd2 Bf6 7. e4 Nge7 8. Re1 O-O 9. e5 Ng6 10. exf6 gxf6
11. b3 b5 12. Bb2 e5 13. c4 Nb4 14. Nb1 dxc4 15. dxc4 Qxd1 16. Rxd1 Bb7 17. Nc3 bxc4 18. bxc4 Rad8 19. Nd5 Bxd5 20. cxd5 e4
21. Ne1 f5 22. d6 c4 23. Bf1 Nd3 24. Nxd3 cxd3 25. Bxd3 exd3 26. Rxd3 Rd7 27. Bf6 Rc8 28. Rb1 Nf8 29. a4 a5 30. Rb5 Ra7
31. Bc3 Rca8 32. Rxf5 Nd7 33. Rg5+ Kf8 34. Bg7+ Ke8 35. Re3+ Kd8 36. Bd4 Kc8 37. Bxa7 Rxa7 38. Rc3+ Kb7 39. Rc7+ Ka6 40. Rxa5+ Kxa5
41. Rxa7+
1-0

[Event "Autumn Tournament 2016"]
[Site "SchemingMind.com"]
[Date "2016.09.03"]
[Round "-"]
[White "smothered mate"]
[Black "fanfan_la_Tulipe"]
[Result "1-0"]
[WhiteCountry "POL"]
[BlackCountry "AUT"]
[WhiteElo "2003"]
[WhiteRD "71"]
[BlackElo "2081"]
[BlackRD "86"]
[GameID "403291"]

1. e4 e5 2. Nf3 Nc6 3. Bc4 Nf6 4. Nc3 Nxe4 5. Nxe4 d5 6. Bd3 dxe4 7. Bxe4 Bd6 8. O-O Bd7 9. Re1 O-O 10. c3 Re8
11. Qc2 g6 12. d3 Rb8 13. h4 Bg4 14. Ng5 h6 15. f3 Bd7 16. Nh3 Bxh3 17. gxh3 Qxh4 18. Be3 Ne7 19. Bxa7 Ra8 20. Qf2 Qxf2+
21. Bxf2 c6 22. d4 f5 23. Bc2 exd4 24. Bxd4 Kf8 25. Re6 c5 26. Rf6+ Kg8 27. Bb3+ Kh7 28. Rf7+ Kg8 29. Rxe7+ Kf8 30. Rf7+ Kg8
31. Rg7+ Kf8 32. Bf6
1-0

[Event "Autumn Tournament 2016"]
[Site "SchemingMind.com"]
[Date "2016.09.04"]
[Round "-"]
[White "fanfan_la_Tulipe"]
[Black "smothered mate"]
[Result "1-0"]
[WhiteCountry "AUT"]
[BlackCountry "POL"]
[WhiteElo "2081"]
[WhiteRD "86"]
[BlackElo "2003"]
[BlackRD "71"]
[GameID "403292"]

1. Nf3 d5 2. c4 e6 3. g3 c5 4. Bg2 Nc6 5. O-O Nf6 6. b3 Be7 7. e3 O-O 8. Bb2 d4 9. exd4 cxd4 10. d3 e5
11. Re1 Bd6 12. Na3 a6 13. Nc2 h6 14. a3 Bf5 15. b4 Re8 16. c5 Bc7 17. a4 Qe7 18. Nh4 Bh7 19. f4 Nxb4 20. Nxb4 Qxc5
21. Ba3 Qa7 22. Nd5 Nxd5 23. Bxd5 exf4 24. Qb3 Rxe1+ 25. Rxe1 fxg3 26. Bxf7+ Kh8 27. Ng6+ Bxg6 28. Bxg6 gxh2+ 29. Kh1 b5 30. Qf7 Qb7+
31. Be4 Qc8 32. Qg6 Kg8 33. Qh7+ Kf7 34. Bg6+ Kf6 35. Be7#
1-0

[Event "Autumn Tournament 2016"]
[Site "SchemingMind.com"]
[Date "2016.09.03"]
[Round "-"]
[White "smothered mate"]
[Black "Simon Green"]
[Result "1-0"]
[WhiteCountry "POL"]
[BlackCountry "ENG"]
[WhiteElo "1966"]
[WhiteRD "85"]
[BlackElo "1600"]
[BlackRD "64"]
[GameID "403293"]

1. e4 e6 2. d4 d5 3. Nd2 Nf6 4. e5 Nfd7 5. Bd3 c5 6. c3 c4 7. Bc2 Nc6 8. Ne2 Be7 9. Nf3 f5 10. exf6 Nxf6
11. O-O Bd7 12. Nf4 O-O 13. Ng5 Qc8 14. Qh5 Nxh5 15. Bxh7+
1-0

[Event "Autumn Tournament 2016"]
[Site "SchemingMind.com"]
[Date "2016.09.04"]
[Round "-"]
[White "Simon Green"]
[Black "smothered mate"]
[Result "0-1"]
[WhiteCountry "ENG"]
[BlackCountry "POL"]
[WhiteElo "1616"]
[WhiteRD "66"]
[BlackElo "2008"]
[BlackRD "74"]
[GameID "403294"]

1. d4 Nf6 2. e3 e6 3. Bd3 b6 4. f4 Bb7 5. Nf3 c5 6. c3 d6 7. O-O Nbd7 8. Nbd2 Qc7 9. Qe1 O-O-O 10. a3 e5
11. fxe5 dxe5 12. Bf5 Kb8 13. Bxd7 Nxd7 14. Nxe5 Nxe5 15. dxe5 Rd7 16. Nf3 Be7 17. e4 Rhd8 18. Bf4 Rd3 19. Nd2 g5 20. Bg3 Rxd2
21. e6 Bd6 22. Rxf7 Bxg3 23. Qxg3 Qxg3 24. hxg3 Bxe4 25. Rf2 Rd1+ 26. Rxd1 Rxd1+ 27. Kh2 Bg6 28. Re2 Rd8 29. Kh3 h5 30. g4 Rd3+
31. g3 h4 32. Rg2 Re3 33. e7 Kc7 34. Kh2 Kd7 35. gxh4 gxh4 36. a4 Kxe7 37. g5 Be4 38. Rg4 Re2+ 39. Kg1 h3 40. Rh4 Bg2
41. b4 Kf7 42. Rh7+ Kg6 43. Rxa7 Bf3
0-1

[Event "Autumn Tournament 2016"]
[Site "SchemingMind.com"]
[Date "2016.09.02"]
[Round "-"]
[White "smothered mate"]
[Black "Stephen Woodhouse"]
[Result "1-0"]
[WhiteCountry "POL"]
[BlackCountry "ENG"]
[WhiteElo "2003"]
[WhiteRD "91"]
[BlackElo "1872"]
[BlackRD "55"]
[GameID "403295"]

1. e4 e6 2. d4 d5 3. e5 c5 4. Nf3 cxd4 5. Bd3 Nc6 6. O-O Bc5 7. Bf4 Nge7 8. Nbd2 O-O 9. Nb3 Bb6 10. Bxh7+ Kxh7
11. Ng5+ Kg6 12. Qg4 f5 13. Qg3 Kh5 14. Qh3+ Kg6 15. Qh7#
1-0

[Event "Autumn Tournament 2016"]
[Site "SchemingMind.com"]
[Date "2016.09.04"]
[Round "-"]
[White "Stephen Woodhouse"]
[Black "smothered mate"]
[Result "0-1"]
[WhiteCountry "ENG"]
[BlackCountry "POL"]
[WhiteElo "1883"]
[WhiteRD "55"]
[BlackElo "2003"]
[BlackRD "71"]
[GameID "403296"]

1. e4 e6 2. d4 d5 3. Nd2 Be7 4. e5 c5 5. c3 Nc6 6. Ndf3 cxd4 7. cxd4 Bb4+ 8. Bd2 Qb6 9. Bxb4 Qxb4+ 10. Qd2 Bd7
11. Qxb4 Nxb4 12. Kd2 Rc8 13. Bd3 Nxd3 14. Kxd3 Ne7 15. Nh3 Bb5+ 16. Kd2 h6 17. Rhc1 Kd7 18. Nf4 Nc6 19. Rc3 Na5 20. b3 Rxc3
21. Kxc3 b6 22. Nh5 g5 23. Nf6+ Ke7 24. Rc1 Rc8+ 25. Kd2 Rxc1 26. Kxc1 Kf8 27. Kd2 Bf1 28. g3 Nc6 29. Kc3 Bh3 30. Ne1 Bf5
31. Nd3 Bxd3 32. Kxd3 Nb4+ 33. Ke3 Nxa2 34. f4 gxf4+ 35. gxf4 Nc1 36. f5 Nxb3 37. fxe6 fxe6 38. Ng4 Kg7 39. Nf2 a5 40. Nd1 a4
41. Nc3 a3 42. Kd3 b5 43. Na2 b4 44. Nxb4 Nc1+ 45. Kc2 a2 46. Kb2 Nb3 47. Nxa2 Nxd4 48. Nb4 Nf3 49. Nc6 Kg6
0-1

[Event "Autumn Tournament 2016"]
[Site "SchemingMind.com"]
[Date "2016.09.05"]
[Round "-"]
[White "smothered mate"]
[Black "flyinduck"]
[Result "0-1"]
[WhiteCountry "POL"]
[BlackCountry "CAN"]
[WhiteElo "1976"]
[WhiteRD "73"]
[BlackElo "2042"]
[BlackRD "57"]
[GameID "403297"]

1. e4 e5 2. Nf3 Nf6 3. d4 Nxe4 4. dxe5 d5 5. Nbd2 Nc5 6. Nb3 Ne6 7. c4 dxc4 8. Qxd8+ Nxd8 9. Bxc4 Be6 10. Bxe6 Nxe6
11. Be3 Bb4+ 12. Ke2 Nc6 13. Rhd1 h6 14. a3 Be7 15. Rac1 O-O 16. Nbd4 Ncxd4+ 17. Nxd4 Nxd4+ 18. Rxd4 Bd8 19. Rb4 b6 20. Rc6 Re8
21. f4 a5 22. Rd4 Kf8 23. Rd7 Re7 24. Rd3 Ke8 25. a4 Rd7
0-1

[Event "Autumn Tournament 2016"]
[Site "SchemingMind.com"]
[Date "2016.09.07"]
[Round "-"]
[White "flyinduck"]
[Black "smothered mate"]
[Result "1-0"]
[WhiteCountry "CAN"]
[BlackCountry "POL"]
[WhiteElo "2043"]
[WhiteRD "60"]
[BlackElo "1915"]
[BlackRD "67"]
[GameID "403298"]

1. d4 d5 2. c4 e6 3. Nc3 c5 4. cxd5 exd5 5. Nf3 Nc6 6. g3 c4 7. Bg2 Bb4 8. O-O Nge7 9. e4 O-O 10. Nxd5 Nxd5
11. exd5 Qxd5 12. Be3 Rd8 13. Ne5 Qb5 14. Bxc6 bxc6 15. Qf3 Qd5 16. Qxd5 cxd5 17. Nc6 Bh3 18. Nxb4 Bxf1 19. Rxf1 a5 20. Nc2 Rab8
21. Bc1 f6 22. Re1 Kf7 23. Kf1 Rdc8 24. Ke2 Rb7 25. Kd2 Rc6 26. Kc3 Rc8 27. h4 Rc6 28. f4 Rc8 29. f5 Rc6 30. g4 Rb8
31. Re2 Rb7 32. Ne1 Rc8 33. Ng2 Rd7 34. Nf4 Rd6 35. Re6 Rcd8 36. Rxd6 Rxd6 37. Bd2 g6 38. Kc2 gxf5 39. gxf5 Rd7 40. Bxa5 Ra7
41. Bd2 Rxa2 42. Nxd5 Ra1 43. Bc1 Ra5 44. Ne3 Ke7 45. Kc3 Ra1 46. Bd2 Rh1 47. Kxc4 Rxh4 48. b4 Rh2 49. Kd3 Kd6 50. b5 Kc7
51. Nd5+ Kb7 52. Nxf6 Kb6 53. Nd5+ Kxb5 54. f6 Rf2 55. Bf4
1-0

[Event "Autumn Tournament 2016"]
[Site "SchemingMind.com"]
[Date "2016.09.07"]
[Round "-"]
[White "smothered mate"]
[Black "JAHI"]
[Result "1/2-1/2"]
[WhiteCountry "POL"]
[BlackCountry "INT"]
[WhiteElo "2003"]
[WhiteRD "71"]
[BlackElo "2012"]
[BlackRD "61"]
[GameID "403299"]

1. e4 g6 2. d4 Bg7 3. Nc3 c6 4. Nf3 a6 5. Bd3 a5 6. Be3 b6 7. Qd2 Na6 8. O-O b5 9. Rad1 Bb7 10. d5 b4
11. Na4 cxd5 12. exd5 Nf6 13. Bh6 Bxh6 14. Qxh6 Bxd5 15. Ng5 Qc7 16. Bxa6 Bxg2 17. Qg7 Rf8 18. Kxg2 Rxa6 19. b3 Qf4 20. Nxh7 Qg4+
21. Kh1 Qf3+ 22. Kg1 Qg4+ 23. Kh1 Qf3+ 24. Kg1 Qg4+ 25. Kh1 Qf3+ 26. Kg1 Qg4+ 27. Kh1
1/2-1/2

[Event "Autumn Tournament 2016"]
[Site "SchemingMind.com"]
[Date "2016.09.07"]
[Round "-"]
[White "JAHI"]
[Black "smothered mate"]
[Result "1-0"]
[WhiteCountry "INT"]
[BlackCountry "POL"]
[WhiteElo "2012"]
[WhiteRD "61"]
[BlackElo "2003"]
[BlackRD "71"]
[GameID "403300"]

1. g3 h5 2. Bg2 h4 3. c3 d5 4. a3 Qd6 5. a4 hxg3 6. hxg3 Rxh1 7. Bxh1 Qh6 8. Bxd5 Qh2 9. Kf1 c6 10. Bg2 Be6
11. d3 Nd7 12. Nd2 O-O-O 13. Ndf3 Qh5 14. Ng5 Ne5 15. Nxe6 fxe6 16. Qb3 Rd6 17. Bh3 Ng4 18. Bf4 Kd7 19. Qxb7+ Ke8 20. Bxg4 Qxg4
21. Bxd6 exd6 22. Qb8+ Kf7 23. Qxa7+ Kg6 24. Qb8 Kf7 25. a5
1-0

[Event "Autumn Tournament 2016"]
[Site "SchemingMind.com"]
[Date "2016.09.04"]
[Round "-"]
[White "smothered mate"]
[Black "milu"]
[Result "1-0"]
[WhiteCountry "POL"]
[BlackCountry "ESP"]
[WhiteElo "1966"]
[WhiteRD "85"]
[BlackElo "1633"]
[BlackRD "80"]
[GameID "403348"]

1. e4 e5 2. Nf3 Nc6 3. Bb5 d6 4. d4 Bg4 5. c3 a6 6. Ba4 exd4 7. cxd4 Nf6 8. Qc2 Bd7 9. O-O b5 10. Bb3 h6
11. e5 dxe5 12. dxe5 Nh7 13. e6 fxe6 14. Qg6+ Ke7 15. Be3
1-0

[Event "Autumn Tournament 2016"]
[Site "SchemingMind.com"]
[Date "2016.09.04"]
[Round "-"]
[White "milu"]
[Black "smothered mate"]
[Result "0-1"]
[WhiteCountry "ESP"]
[BlackCountry "POL"]
[WhiteElo "1550"]
[WhiteRD "83"]
[BlackElo "1941"]
[BlackRD "72"]
[GameID "403349"]

1. e4 e6 2. Nc3 d5 3. exd5 exd5 4. Qf3 Nf6 5. d3 Bb4 6. Bg5 Nbd7 7. a3 Bxc3+ 8. bxc3 O-O 9. Ne2 h6 10. Be3 Ne5
11. Qg3 Ng6 12. h4 Ng4 13. Bd2 Kh8 14. h5 Ne7 15. Bf4 Nf6 16. Bxc7 Qd7 17. Be5 Nf5 18. Qf3 Ng8 19. Nf4 d4 20. Ne2 dxc3
21. Bxc3 a5 22. Rb1 Ra6 23. Ng3 Nge7 24. Be2 Qc7 25. Ne4 Nd5 26. Rb3 Rc6 27. Kd2 a4 28. Bxg7+ Nxg7 29. Rb2 Qa5+ 30. Kc1 Nf6
31. Nxf6 Qg5+ 32. Kb1 Qxf6 33. Qxf6 Rxf6 34. f3 Re8 35. c4 Rfe6 36. Bd1 Re1 37. Rxe1 Rxe1 38. Kc1 Nxh5 39. Rb4 Nf4 40. g3 Nxd3+
41. Kd2 Rxd1+ 42. Kxd1 Nxb4
0-1

[Event "Autumn Tournament 2016"]
[Site "SchemingMind.com"]
[Date "2016.09.09"]
[Round "-"]
[White "black cloud"]
[Black "milu"]
[Result "1-0"]
[WhiteCountry "ENG"]
[BlackCountry "ESP"]
[WhiteElo "1841"]
[WhiteRD "82"]
[BlackElo "1549"]
[BlackRD "79"]
[GameID "403350"]

1. e4 Nc6 2. Nc3 e5 3. Nf3 Bc5 4. Nxe5 Nxe5 5. d4 Bb4 6. dxe5 Bxc3+ 7. bxc3 Qe7 8. Bd3 Qxe5 9. Bd2 Nf6 10. Qe2 O-O
11. O-O d6 12. f4 Qh5 13. Qxh5 Nxh5 14. Rab1 b6 15. Rb5 Nf6 16. Re1 c5 17. a4 Bd7 18. Rbb1 Bxa4 19. c4 Nd7 20. e5 dxe5
21. fxe5 Rae8 22. Bc3 Re6 23. Bf5 Re7 24. e6 fxe6 25. Bxe6+ Kh8 26. Bxd7 Rxd7 27. Re2 Kg8 28. Rbe1 Rf4 29. Re8+ Kf7 30. R8e2 g6
31. g3 Rxc4 32. Rf1+ Kg8 33. Re8#
1-0

[Event "Autumn Tournament 2016"]
[Site "SchemingMind.com"]
[Date "2016.09.04"]
[Round "-"]
[White "milu"]
[Black "black cloud"]
[Result "0-1"]
[WhiteCountry "ESP"]
[BlackCountry "ENG"]
[WhiteElo "1549"]
[WhiteRD "79"]
[BlackElo "1841"]
[BlackRD "82"]
[GameID "403351"]

1. e4 e5 2. Nc3 Nf6 3. Bc4 Nc6 4. Qf3 Be7 5. Nh3 h6 6. O-O d6 7. a4 Be6 8. b3 Na5 9. d3 Nxc4 10. bxc4 c6
11. Qg3 Nh5 12. Qe3 g5 13. Kh1 Qd7 14. Ng1 b6 15. a5 O-O 16. axb6 axb6 17. Rxa8 Rxa8 18. Qxb6 Bf8 19. Be3 f5 20. exf5 Bxf5
21. h3 Nf4 22. Ne4 Bxe4 23. dxe4 d5 24. cxd5 cxd5 25. exd5 Qxd5 26. Nf3 h5 27. Bxf4 gxf4 28. Qg6+ Bg7 29. Qxh5 Ra6 30. Ng5 Rh6
31. Qe8+ Bf8 32. Re1 f3 33. g3 e4 34. h4 Qxg5 35. Qxe4 Qf6 36. c4 Bc5 37. Qe8+ Qf8 38. Qe4 Bxf2 39. Rf1 Bxg3 40. Qd5+ Kh8
41. Rxf3 Qb8 42. Qd4+ Be5 43. Qd2 Rxh4+ 44. Kg2 Rh2+
0-1

[Event "Autumn Tournament 2016"]
[Site "SchemingMind.com"]
[Date "2016.09.04"]
[Round "-"]
[White "fanfan_la_Tulipe"]
[Black "milu"]
[Result "1-0"]
[WhiteCountry "AUT"]
[BlackCountry "ESP"]
[WhiteElo "2089"]
[WhiteRD "76"]
[BlackElo "1576"]
[BlackRD "81"]
[GameID "403352"]

1. Nf3 Nf6 2. c4 e6 3. g3 Bc5 4. Bg2 O-O 5. O-O c6 6. d4 Bd6 7. Nc3 c5 8. e4 Ne8 9. Be3 Qb6 10. dxc5 Bxc5
11. Na4 Qb4 12. Bxc5 Qxc4 13. Bxf8 Kxf8 14. Ne5 Qb5 15. Nf3 d6 16. Rc1 Nc6 17. b3 Nf6 18. Re1 Nb4 19. Qxd6+ Kg8 20. Qd8+ Qe8
21. Qxe8+ Nxe8 22. Re2 Bd7 23. Nb2 Nxa2 24. Rcc2 Nb4 25. Rcd2 Bc6 26. Ne5 Bb5 27. Nbc4 f6 28. Nd3 Nc6 29. Nc5 b6 30. Nxe6 Ne5
31. Rd4 Nc6 32. Rd5 Ba6 33. Red2 Bxc4 34. bxc4 Ne5 35. Bf1 Nf3+ 36. Kg2 Nxd2 37. Rxd2 a5 38. Rd8 Rxd8 39. Nxd8 Nd6 40. Kf3 g5
41. Ke3 h5 42. Kd4 Kf8 43. Nc6 Ke8 44. e5 fxe5+ 45. Kxe5 Nf7+ 46. Ke6 a4 47. Nb4 Nd8+ 48. Kd6 a3 49. Bd3 Nf7+ 50. Ke6 Nd8+
51. Kf6 g4 52. Bg6+ Kd7 53. Bxh5
1-0

[Event "Autumn Tournament 2016"]
[Site "SchemingMind.com"]
[Date "2016.09.04"]
[Round "-"]
[White "milu"]
[Black "fanfan_la_Tulipe"]
[Result "0-1"]
[WhiteCountry "ESP"]
[BlackCountry "AUT"]
[WhiteElo "1599"]
[WhiteRD "81"]
[BlackElo "2081"]
[BlackRD "86"]
[GameID "403353"]

1. e4 e5 2. Nc3 Nf6 3. Bc4 Nxe4 4. Nxe4 d5 5. Qh5 dxc4 6. Qxe5+ Qe7 7. Qb5+ Nc6 8. Qxc4 f5 9. Ne2 Qxe4 10. Qxe4+ fxe4
11. O-O Bc5 12. Ng3 O-O 13. Nxe4 Bb6 14. d3 Nd4 15. c4 Bg4 16. Nc3 Ne2+ 17. Kh1 Nxc3 18. bxc3 Be2 19. Re1 Bxd3 20. Be3 Bxc4
21. Bxb6 axb6 22. Re7 Rf7 23. Re4 Bd5 24. Re2 Kf8 25. a3 Re7 26. Rd2 Rae8 27. h3 Re1+ 28. Rxe1 Rxe1+ 29. Kh2 Bc6 30. Rd3 Re2
31. Kg3 b5 32. f3 Ra2 33. Rd8+ Kf7
0-1

[Event "Autumn Tournament 2016"]
[Site "SchemingMind.com"]
[Date "2016.09.09"]
[Round "-"]
[White "Simon Green"]
[Black "milu"]
[Result "1-0"]
[WhiteCountry "ENG"]
[BlackCountry "ESP"]
[WhiteElo "1639"]
[WhiteRD "63"]
[BlackElo "1549"]
[BlackRD "79"]
[GameID "403354"]

1. d4 f5 2. e3 Nf6 3. Bd3 d5 4. f4 Ne4 5. Nd2 e6 6. Bxe4 fxe4 7. Ne2 Nc6 8. c3 Bd6 9. O-O O-O 10. Ng3 Ne7
11. b4 a5 12. Bb2 axb4 13. Qe2 Nf5 14. Nxf5 exf5 15. c4 Be7 16. Nb3 Be6 17. c5 Qd7 18. Rfc1 c6 19. Qd2 Ra4 20. a3 bxa3
21. Rxa3 Rxa3 22. Bxa3 Bd8 23. Bb4 Rf7 24. Ra1 h6 25. Ra7 Bf6 26. Na5 Qc8 27. Qa2 Kh7 28. Nb3 Qg8 29. Ra8 Bc8 30. g3 h5
31. h4 Qd8 32. Ba5 Qd7 33. Bb6 Bd8 34. Qa5 Bxb6 35. Qxb6 Qc7 36. Na5 Qxb6 37. cxb6 Be6 38. Rb8 Re7 39. Nxb7 Rc7 40. bxc7
1-0

[Event "Autumn Tournament 2016"]
[Site "SchemingMind.com"]
[Date "2016.09.09"]
[Round "-"]
[White "milu"]
[Black "Simon Green"]
[Result "0-1"]
[WhiteCountry "ESP"]
[BlackCountry "ENG"]
[WhiteElo "1549"]
[WhiteRD "79"]
[BlackElo "1639"]
[BlackRD "63"]
[GameID "403355"]

1. e4 e6 2. Qg4 d5 3. Nf3 Nf6 4. Qh4 dxe4 5. Ne5 Bd6 6. Nc4 Nbd7 7. Nc3 Nb6 8. Nxd6+ cxd6 9. Nxe4 Nxe4 10. Qxe4 O-O
11. Bd3 g6 12. b3 f5 13. Qf3 Qf6 14. c3 d5 15. O-O Bd7 16. Bc2 e5 17. Ba3 e4 18. Qe3 Rac8 19. Bxf8 Rxf8 20. d4 Bb5
21. Rfe1 Rd8 22. a4 Bc6 23. a5 Nd7 24. b4 Bb5 25. Ba4 Bxa4 26. Rxa4 a6 27. Qe2 Qc6 28. Ra3 Rc8 29. Qe3 Kg7 30. Qg3 Nf6
31. h4 h5 32. Qg5 b5 33. Re3 Ng4 34. Rg3 Qe6 35. Ra2 Rc7 36. Qd2 Re7 37. Qe1 Nf6 38. Re2 Nh7 39. Kh2 f4 40. Rh3 Nf6
41. f3 e3 42. Qh1 Ng4+ 43. Kg1 Nf2 44. Rxf2 exf2+ 45. Kxf2 Qe3+ 46. Kf1 Qe1#
0-1

[Event "Autumn Tournament 2016"]
[Site "SchemingMind.com"]
[Date "2016.09.09"]
[Round "-"]
[White "Stephen Woodhouse"]
[Black "milu"]
[Result "1-0"]
[WhiteCountry "ENG"]
[BlackCountry "ESP"]
[WhiteElo "1890"]
[WhiteRD "50"]
[BlackElo "1576"]
[BlackRD "81"]
[GameID "403356"]

1. e4 e5 2. Nf3 Nc6 3. d4 d6 4. Bc4 Bg4 5. dxe5 Nxe5 6. Be2 Nf6 7. Nxe5 Bxe2 8. Qxe2 dxe5 9. Nc3 Bb4 10. Bg5 Bxc3+
11. bxc3 h6 12. Rd1 Qe7 13. Bxf6 Qxf6 14. Qb5+ Qc6 15. Qxe5+ Kf8 16. O-O Re8 17. Qf5 Rxe4 18. Rd7 f6 19. Rfd1 Re8 20. Qg6 Re1+
21. Rxe1 Qxd7 22. h3 a5 23. Re3 Qf7 24. Qd3 g6 25. Qb5 b6 26. Rd3 Qe8 27. Qc4 c5 28. Re3 Qd7 29. Re6 Kg7 30. Rxb6 Rd8
31. Qe4 Qc7 32. Rb1 h5 33. g3 Rd7 34. Rb5 Re7 35. Qd5 Qa7 36. Qxc5 Re1+ 37. Kg2 Qa8+ 38. Qd5 Qxd5+ 39. Rxd5 a4 40. Rd4 a3
41. Ra4 Rc1 42. Rxa3 Rxc2 43. h4 Kf7 44. Kf3 Ke6 45. Ke3 Kd5 46. f3 Rg2 47. Kf4 Kc4 48. g4 hxg4 49. fxg4 Rf2+ 50. Kg3 Rc2
51. h5 g5 52. h6 Re2 53. h7 Re8 54. Ra7 Kxc3 55. Rf7 Rh8 56. Kf3 Kd4 57. a4 Ke5 58. a5 Ke6 59. Rg7 Rd8 60. Rg8 Rd3+
61. Ke2 Rg3 62. h8=Q Rxg4 63. Qh3 f5 64. Qxg4 fxg4 65. Rxg5 Kd6 66. Rxg4 Kc7 67. Rb4
1-0

[Event "Autumn Tournament 2016"]
[Site "SchemingMind.com"]
[Date "2016.09.04"]
[Round "-"]
[White "milu"]
[Black "Stephen Woodhouse"]
[Result "0-1"]
[WhiteCountry "ESP"]
[BlackCountry "ENG"]
[WhiteElo "1599"]
[WhiteRD "81"]
[BlackElo "1883"]
[BlackRD "55"]
[GameID "403357"]

1. e4 e6 2. Nc3 d5 3. d4 Nf6 4. e5 Nfd7 5. Nge2 c5 6. Be3 Nc6 7. dxc5 Bxc5 8. Bxc5 Nxc5 9. f4 O-O 10. Ng3 Bd7
11. Nb5 Qa5+ 12. Nc3 d4 13. a3 dxc3 14. b4 Nxb4 15. axb4 Qxb4 16. Be2 Qxf4 17. Qd6 b6 18. Rf1 Qd2+ 19. Qxd2 cxd2+ 20. Kd1 Bc6
21. Bf3 Bxf3+ 22. gxf3 Rfd8 23. Rf2 Kf8 24. Ra3 b5 25. Nf1 b4 26. Ra5 b3 27. Nxd2 b2 28. Ke1 Rxd2 29. Rb5 Rxf2 30. Kxf2 Na4
31. Ke3 Rd8 32. c4 Rd1 33. Rb8+ Ke7 34. Rb7+ Kd8 35. Ke2 b1=Q
0-1

[Event "Autumn Tournament 2016"]
[Site "SchemingMind.com"]
[Date "2016.09.08"]
[Round "-"]
[White "milu"]
[Black "flyinduck"]
[Result "0-1"]
[WhiteCountry "ESP"]
[BlackCountry "CAN"]
[WhiteElo "1549"]
[WhiteRD "79"]
[BlackElo "2042"]
[BlackRD "57"]
[GameID "403358"]

1. e4 e5 2. Nc3 Nf6 3. d3 Bc5 4. Be3 Bxe3 5. fxe3 O-O 6. Nf3 Nc6 7. Be2 d5 8. exd5 Nxd5 9. Qd2 Be6 10. O-O Qe7
11. e4 Qc5+ 12. Rf2 Nf4 13. Na4 Qd6 14. Bf1 f6 15. b3 Rad8 16. Nc3 a6 17. Ne2 g5 18. Ng3 Ne7 19. a4 h5 20. Rd1 h4
21. Ne2 Neg6 22. h3 c5 23. Nxf4 Nxf4 24. Qe3 b5 25. axb5 axb5 26. c4 bxc4 27. bxc4 Bxc4 28. Rfd2 Bf7 29. Rc2 Rc8 30. Rdc1 Ne6
31. Qf2 Bh5 32. Be2 Bxf3 33. Bxf3 Nf4 34. Qd2 Rfd8 35. Rd1 c4 36. Kh2 cxd3 37. Rxc8 Rxc8 38. Qa2+ Kg7 39. Rd2 Rc7 40. Bd1 Qd4
41. Bf3 Rc1 42. Rd1 Rxd1 43. Bxd1 Qxe4
0-1

[Event "Autumn Tournament 2016"]
[Site "SchemingMind.com"]
[Date "2016.09.09"]
[Round "-"]
[White "flyinduck"]
[Black "milu"]
[Result "1-0"]
[WhiteCountry "CAN"]
[BlackCountry "ESP"]
[WhiteElo "2021"]
[WhiteRD "57"]
[BlackElo "1576"]
[BlackRD "81"]
[GameID "403359"]

1. d4 Nf6 2. Bg5 d5 3. Bxf6 gxf6 4. c4 c6 5. e3 Nd7 6. Nc3 dxc4 7. Bxc4 Nb6 8. Bb3 Be6 9. Bxe6 fxe6 10. Qh5+ Kd7
11. Ne4 Nc4 12. Nc5+ Kc7 13. Nxe6+ Kd7 14. Nxd8 Rxd8 15. Nf3 b5 16. b3 Na3 17. O-O Nc2 18. Rac1 Nb4 19. a3 Nd5 20. e4 Nf4
21. Qf5+ Ne6 22. d5 cxd5 23. exd5 Ke8 24. dxe6 a6 25. Qh5#
1-0

[Event "Autumn Tournament 2016"]
[Site "SchemingMind.com"]
[Date "2016.09.09"]
[Round "-"]
[White "milu"]
[Black "JAHI"]
[Result "0-1"]
[WhiteCountry "ESP"]
[BlackCountry "INT"]
[WhiteElo "1576"]
[WhiteRD "81"]
[BlackElo "2028"]
[BlackRD "57"]
[GameID "403360"]

1. e4 g6 2. f4 Bg7 3. Nf3 c6 4. Bc4 a6 5. O-O a5 6. Ne5 e6 7. d4 d6 8. Nf3 d5 9. exd5 cxd5 10. Bb5+ Nc6
11. Ne5 Ne7 12. a4 f6 13. Nf3 Qc7 14. Nc3 Bd7 15. Qe2 Rc8 16. Be3 Qd6 17. Ra3 Nf5 18. Bxc6 Qxc6 19. Bd2 Nd6 20. Be1 Qc4
21. Qd1 Qc7 22. Nd2 Nf5 23. Bf2 Qxf4 24. Ne2 Qc7 25. Bg3 Qxc2 26. Qxc2 Rxc2 27. Rd1 e5 28. b3 Ne3 29. Rc1 Rxd2 30. Kf2 Bh6
31. b4 exd4 32. Kf3 Bg4+
0-1

[Event "Autumn Tournament 2016"]
[Site "SchemingMind.com"]
[Date "2016.09.09"]
[Round "-"]
[White "JAHI"]
[Black "milu"]
[Result "1-0"]
[WhiteCountry "INT"]
[BlackCountry "ESP"]
[WhiteElo "2012"]
[WhiteRD "61"]
[BlackElo "1599"]
[BlackRD "81"]
[GameID "403361"]

1. g3 e5 2. Bg2 f5 3. c3 Nf6 4. a3 h5 5. a4 h4 6. b3 hxg3 7. hxg3 Rxh1 8. Bxh1 Ng4 9. Nh3 c5 10. Na3 a6
11. Bd5 Be7 12. d3 Nf6 13. c4 Nxd5 14. cxd5 d6 15. Nc4 Nd7 16. Bd2 Nf6 17. e3 g6 18. Ba5 b6 19. Bxb6 Qd7 20. d4 cxd4
21. exd4 e4 22. Nf4 g5 23. Ne6 Nxd5 24. Qh5#
1-0

[Event "Autumn Tournament 2016"]
[Site "SchemingMind.com"]
[Date "2016.09.04"]
[Round "-"]
[White "smothered mate"]
[Black "David Perna-Fraser"]
[Result "0-1"]
[WhiteCountry "POL"]
[BlackCountry "CAN"]
[WhiteElo "2003"]
[WhiteRD "71"]
[BlackElo "2361"]
[BlackRD "76"]
[GameID "403379"]

1. e4 e5 2. Nf3 Nf6 3. Nc3 Bb4 4. Bc4 Bxc3 5. dxc3 d6 6. Qe2 O-O 7. Bg5 Nbd7 8. O-O-O h6 9. Bh4 Qe7 10. g4 Nb6
11. Bb3 a5 12. g5 hxg5 13. Nxg5 a4 14. Bxf7+ Rxf7 15. Nxf7 Qxf7 16. a3 Qa2 17. Kd2 Nc4+ 18. Ke1 Bg4 19. f3 Nh5 20. b3 Nxa3
21. fxg4 Nxc2+ 22. Kf1 Rf8+ 23. Kg1 Nf4 24. Qc4+ Kh8 25. Qxa4 Ne2+ 26. Kg2 Ne3+ 27. Kh3 Nf4+ 28. Kg3 Qg2#
0-1